000
00221nam a2200121Ia 4500
100
_a
BORIS/PASTERNAK
942
_c
BK
245
_a
DOCTOR ZHIVAGO
260
_b
#N/A
300
_a
510
546
_a
ENGLISH
999
_c
29676
_d
29676